| 000 | 00941nam a22002777a 4500 | ||
|---|---|---|---|
| 003 | CHAP | ||
| 005 | 20220329141614.0 | ||
| 008 | 971013s r 00010 d | ||
| 010 | _a70891 | ||
| 011 | _a71863 | ||
| 035 | _a81417 | ||
| 040 | _cCHAP | ||
| 090 | _aR-1074 | ||
| 100 | 0 | 0 |
_aGade, Herman G. _944149 |
| 245 | _aInforme sobre las condiciones hidrográficas en el golfo de Cariaco, para el período que empieza en mayo y termina en noviembre de 1960 | ||
| 500 | _aSobretiro de: Boletín del Instituto Oceanográfico. Venezuela 1(1):3-29, 1961 | ||
| 590 |
_aBATCH-UPD _b10 _c20130110 _lUCH01 _h0739 |
||
| 590 |
_aBATCH-UPD _b10 _c20130410 _lUCH01 _h0421 |
||
| 590 |
_aBATCH-UPD _b10 _c20130914 _lUCH01 _h1452 |
||
| 590 |
_aCONVERSION _b10 _c20130109 _lUCH01 _h1339 |
||
| 650 | 1 | 4 |
_aGolfo de Cariaco. _948590 |
| 650 | 1 | 4 |
_aHidrografía. _955239 |
| 901 | _aBK | ||
| 942 | _cREIMP | ||
| 949 |
_aR-1074 _bBC _cR _d-34747 _eTS1 _fc.1 _i81417 _si |
||
| 999 |
_c70891 _d70891 |
||